000 00775nam a2200217Ii 4500
003 JO-AjNU
008 230605s9999||||xx |||||||||||||| ||und||
017 _a1986/2/79
040 _aJO-AjNU
_bara
_erda
_cJO-AjNU
041 _aara
050 1 4 _aHF5549 .D872 1986
100 3 _aدرة، عبدالباري، م.مشارك: زهير الصباغ,
_eauthor
_945899
245 0 0 _aادارة القوى البشرية: منحى نظمي
250 _aط1
264 3 1 _aعمان: دار الندوة للنشر والتوزيع، 1986
300 _a570ص
_bيحتوي على ببلوغرافية من 559-570ص
336 _atext
_btxt
_2rdacontent
337 _aunmediated
_bn
_2rdamedia
338 _avolume
_bnc
_2rdacarrier
650 4 _aإدارة الأفراد
_945900
999 _aA19929
_c23497
_d23497